00506nam a2200181Ia 4500003000400000005001700004008004100021020002200062040000700084041000800091082002100099100003800120245006600158260004800224300001600272365001700288650001900305OSt20230503105717.0210423s2017 xx 000 0 und d a978-0-521-17869-3 cAL aeng a333.7 223bPHAC aPHANEUF (Daniel J);REQUATE (Till) aCourse in environmental economics: theory policy and practice aNew DelhibCambridge University Pressc2017 axxi,765bPB b5828.56cGBP aLand Economics